[Event "European Youth Chess Championship B10"]
[Site "Prague, Top Hotel Prague"]
[Date "2016.08.24"]
[Round "6.43"]
[White "Eilenberg, Jonas"]
[Black "Weissenhofer, Jonas"]
[Result "1-0"]
[WhiteElo "1634"]
[BlackElo "1402"]
[PlyCount "83"]
[EventDate "2016.08.18"]

1. d4 Nf6 2. c4 g6 3. Nc3 Bg7 4. e4 d6 5. Nf3 O-O 6. Be2 e5 7. d5 Nbd7 8. O-O
Nc5 9. Qc2 Re8 10. b4 Ncd7 11. Ne1 c5 12. Nb5 Qb6 13. a4 a6 14. a5 Qd8 15. Nxd6
Rf8 16. Ba3 Qc7 17. Nxc8 Raxc8 18. f3 Ne8 19. bxc5 Nxc5 20. Nd3 Nxd3 21. Bxf8
Bxf8 22. Bxd3 Bc5+ 23. Kh1 Nd6 24. Qa4 Rb8 25. Rac1 Kg7 26. f4 f6 27. Qa2 Be3
28. fxe5 fxe5 29. c5 Bxc5 30. Qf2 Rc8 31. Qf6+ Kg8 32. Qe6+ Kg7 33. Qxe5+ Kg8
34. Qe6+ Kg7 35. e5 Nb5 36. Bxb5 axb5 37. d6 Qd8 38. Rf7+ Kh6 39. Qh3+ Kg5 40.
Rxh7 Qf8 41. Qh4+ Kf5 42. Rf1+ 1-0

[Event "European Youth Chess Championship B10"]
[Site "Prague, Top Hotel Prague"]
[Date "2016.08.24"]
[Round "6.44"]
[White "Sahinoz, Giulio O"]
[Black "Akin, Yagiz Cinar"]
[Result "1/2-1/2"]
[WhiteElo "1385"]
[BlackElo "1607"]
[PlyCount "73"]
[EventDate "2016.08.18"]

1. e4 c5 2. d4 cxd4 3. c3 Nf6 4. e5 Nd5 5. cxd4 Nc6 6. Bc4 Nb6 7. Bb3 d6 8.
exd6 Qxd6 9. Nf3 Bg4 10. Bxf7+ Kxf7 11. Ng5+ Ke8 12. Qxg4 Qxd4 13. Qe2 Qe5 14.
Qxe5 Nxe5 15. O-O h6 16. Ne4 Nd3 17. Nbc3 Kf7 18. Rd1 Nxc1 19. Raxc1 e6 20.
Nd6+ Bxd6 21. Rxd6 Rhd8 22. Rcd1 Rxd6 23. Rxd6 Ke7 24. Rd1 Rc8 25. Kf1 Nc4 26.
b3 Nb2 27. Rd2 Rxc3 28. Rxb2 b5 29. Ke2 Rc1 30. Rd2 a5 31. Kd3 g5 32. Rc2 Rxc2
33. Kxc2 Kd6 34. Kd3 Kd5 35. f3 h5 36. h3 h4 37. a3 1/2-1/2

[Event "European Youth Chess Championship B10"]
[Site "Prague, Top Hotel Prague"]
[Date "2016.08.24"]
[Round "6.45"]
[White "Werner, Hong Quan Dan"]
[Black "Fava, Achille"]
[Result "1-0"]
[WhiteElo "1586"]
[BlackElo "1364"]
[PlyCount "65"]
[EventDate "2016.08.18"]

1. e4 e5 2. Nf3 Nc6 3. Bc4 Bc5 4. d3 d6 5. c3 Bg4 6. h3 Bh5 7. Bb3 h6 8. O-O
Qf6 9. Nbd2 g5 10. g4 Bg6 11. Nh2 h5 12. Kg2 hxg4 13. Nxg4 Qg7 14. Nf3 f6 15.
Ba4 Nh6 16. Nxh6 Qxh6 17. Rh1 Kd7 18. h4 Qh5 19. Kg3 Rag8 20. Bxg5 fxg5 21.
hxg5 Bxf2+ 22. Kxf2 Qg4 23. Nxe5+ dxe5 24. Qxg4+ Kd8 25. Rxh8 Rxh8 26. Bxc6
bxc6 27. Qe6 Rf8+ 28. Ke3 Bh5 29. Rh1 Rf3+ 30. Kd2 Rf2+ 31. Kc1 Bf7 32. Rh8+
Be8 33. Qxe8# 1-0

[Event "European Youth Chess Championship B10"]
[Site "Prague, Top Hotel Prague"]
[Date "2016.08.24"]
[Round "6.46"]
[White "Stevanovic, Jovan"]
[Black "Juchelka, Marek"]
[Result "1/2-1/2"]
[WhiteElo "1584"]
[BlackElo "1362"]
[PlyCount "50"]
[EventDate "2016.08.18"]

1. c4 f5 2. Nf3 e6 3. Nc3 c6 4. g3 d5 5. d4 Nf6 6. Bg2 Nbd7 7. b3 Be7 8. O-O
O-O 9. Bb2 Ne4 10. Nd2 Bb4 11. Qc2 Qg5 12. Nf3 Qh6 13. a3 Bd6 14. Nxe4 dxe4 15.
Ne5 Nxe5 16. dxe5 Be7 17. e3 g5 18. Rfd1 Qg6 19. Rd2 h5 20. h3 Rf7 21. Kh1 b6
22. b4 c5 23. b5 Bb7 24. Re1 Rg7 25. Qb1 Rh7 1/2-1/2

[Event "European Youth Chess Championship B10"]
[Site "Prague, Top Hotel Prague"]
[Date "2016.08.24"]
[Round "6.47"]
[White "Vojic, Isak"]
[Black "Stefanou, Konstantinos"]
[Result "1/2-1/2"]
[WhiteElo "1519"]
[BlackElo "1357"]
[PlyCount "62"]
[EventDate "2016.08.18"]

1. e4 c6 2. d4 d5 3. Nd2 dxe4 4. Nxe4 Bf5 5. Ng3 Bg6 6. h4 h6 7. Nf3 Nd7 8. Be3
Ngf6 9. Bd3 Bxd3 10. Qxd3 e6 11. c3 Bd6 12. Ne4 Nxe4 13. Qxe4 Nf6 14. Qc2 Qc7
15. Nd2 O-O-O 16. Nc4 Bf4 17. Qd2 Bxe3 18. Qxe3 Nd5 19. Qf3 f6 20. O-O-O Rhe8
21. Ne3 Nxe3 22. Qxe3 a6 23. Rhe1 e5 24. Qg3 exd4 25. Qxc7+ Kxc7 26. Rxe8 Rxe8
27. Rxd4 Re2 28. Rd2 Rxd2 29. Kxd2 Kd6 30. Ke3 Ke5 31. f4+ Kd5 1/2-1/2

[Event "European Youth Chess Championship B10"]
[Site "Prague, Top Hotel Prague"]
[Date "2016.08.24"]
[Round "6.48"]
[White "Springis, Jevgenijs"]
[Black "Dias, Savin"]
[Result "0-1"]
[WhiteElo "1261"]
[BlackElo "1516"]
[PlyCount "55"]
[EventDate "2016.08.18"]

1. b4 Nf6 2. Bb2 e6 3. a3 b6 4. Nf3 Bb7 5. e3 d5 6. d4 Nbd7 7. c4 c5 8. bxc5
bxc5 9. Qb3 Rb8 10. Qc2 Be7 11. Bd3 O-O 12. Ng5 h6 13. Nf3 dxc4 14. Bxc4 Be4
15. Qd2 Qb6 16. Nc3 Qxb2 17. Qxb2 Rxb2 18. Bb5 Bxf3 19. gxf3 cxd4 20. exd4 Rb3
21. Kd2 Rxa3 22. Rxa3 Bxa3 23. Ra1 Bb4 24. Rxa7 Nb6 25. Kc2 Rc8 26. Ra2 Nbd5
27. Bd3 Bxc3 28. Kb3 0-1

[Event "European Youth Chess Championship B10"]
[Site "Prague, Top Hotel Prague"]
[Date "2016.08.24"]
[Round "6.49"]
[White "Aguado, Doncel Pablo Luis"]
[Black "Davidov, Lazar"]
[Result "1-0"]
[WhiteElo "1514"]
[BlackElo "1292"]
[PlyCount "115"]
[EventDate "2016.08.18"]

1. d4 e6 2. c4 d5 3. Nc3 Nf6 4. cxd5 exd5 5. Bg5 Be7 6. e3 c6 7. Bd3 Nbd7 8.
Qc2 Nh5 9. Bxe7 Qxe7 10. Nf3 Nf4 11. O-O Nxd3 12. Qxd3 O-O 13. Rab1 Nf6 14. Nd2
g6 15. e4 dxe4 16. Ncxe4 Nxe4 17. Qxe4 Qxe4 18. Nxe4 Bf5 19. Rfe1 Kg7 20. Rbd1
Bxe4 21. Rxe4 Rfe8 22. Rxe8 Rxe8 23. Kf1 f5 24. d5 Rd8 25. Re1 Kf7 26. dxc6
bxc6 27. Rc1 Rd6 28. Ke2 Ke7 29. Rc3 Kd7 30. Ra3 Re6+ 31. Kf3 Kc8 32. Rxa7 h5
33. Rg7 c5 34. a4 Ra6 35. Ke3 Rxa4 36. Rxg6 Kb7 37. Rg5 Rb4 38. Rxf5 Rxb2 39.
Rxc5 Rb3+ 40. Kf4 Rb4+ 41. Kg3 h4+ 42. Kh3 Rb2 43. f3 Ra2 44. Rh5 Kc7 45. Rxh4
Kd7 46. g3 Rf2 47. f4 Rf3 48. Kg4 Ra3 49. Rh6 Ra4 50. h4 Ra3 51. Rg6 Ra5 52. f5
Ra4+ 53. Kg5 Ra3 54. g4 Ra8 55. h5 Ra5 56. h6 Ra8 57. h7 Rh8 58. Rh6 1-0

[Event "European Youth Chess Championship B10"]
[Site "Prague, Top Hotel Prague"]
[Date "2016.08.24"]
[Round "6.50"]
[White "Zlatkov, Anton"]
[Black "Prieb, Robert"]
[Result "0-1"]
[WhiteElo "1196"]
[BlackElo "1470"]
[PlyCount "58"]
[EventDate "2016.08.18"]

1. e4 c5 2. c3 d6 3. d4 cxd4 4. cxd4 Nf6 5. Nc3 e6 6. Nf3 Be7 7. Bd3 O-O 8. Be3
Nc6 9. O-O b6 10. h3 Bb7 11. a3 Rc8 12. Qe2 Qd7 13. Rfd1 Rfd8 14. e5 dxe5 15.
dxe5 Nd5 16. Nxd5 exd5 17. Rac1 d4 18. Rb1 dxe3 19. Bxh7+ Kxh7 20. Rxd7 exf2+
21. Kh1 Rxd7 22. Qxf2 Rcd8 23. Re1 Kg8 24. e6 fxe6 25. Rxe6 Rd1+ 26. Ng1 Bc5
27. Qe2 Rxg1+ 28. Kh2 Ne7 29. Rxe7 Rxg2+ 0-1

[Event "European Youth Chess Championship B10"]
[Site "Prague, Top Hotel Prague"]
[Date "2016.08.24"]
[Round "6.56"]
[White "Krasevec, Jan"]
[Black "Akulov, Mikhail"]
[Result "0-1"]
[WhiteElo "1336"]
[BlackElo "1542"]
[PlyCount "58"]
[EventDate "2016.08.18"]

1. e4 c5 2. Nf3 e6 3. d4 Nf6 4. Nc3 cxd4 5. Nxd4 Nc6 6. Nf3 d6 7. Bc4 a6 8. Bb3
Be7 9. O-O O-O 10. h3 Qc7 11. Nh2 b6 12. f4 Bb7 13. Ng4 Na5 14. Be3 Nxe4 15.
Nxe4 Bxe4 16. Qd4 Nxb3 17. cxb3 Qb7 18. Qxb6 Bxg2 19. Qxb7 Bxb7 20. f5 Rac8 21.
Rf2 h5 22. Nh2 Bh4 23. Rf4 Bg5 24. fxe6 Bxf4 25. Bxf4 fxe6 26. Bxd6 Rfd8 27.
Be5 Rd2 28. Bc3 Rg2+ 29. Kh1 Rxb2+ 0-1

[Event "European Youth Chess Championship B10"]
[Site "Prague, Top Hotel Prague"]
[Date "2016.08.24"]
[Round "6.57"]
[White "Cerny, Michal"]
[Black "Graf, Simon"]
[Result "0-1"]
[WhiteElo "1309"]
[BlackElo "1527"]
[PlyCount "108"]
[EventDate "2016.08.18"]

1. e4 e5 2. Nf3 Nc6 3. Bb5 a6 4. Bxc6 dxc6 5. O-O Bg4 6. h3 Bh5 7. d3 Qf6 8.
Nbd2 O-O-O 9. Qe2 Bc5 10. Qe1 Bb4 11. Nh2 Ne7 12. a3 Bc5 13. Ndf3 h6 14. Be3
Qd6 15. Qc3 Bxe3 16. fxe3 f6 17. b4 Kb8 18. Qb3 Nc8 19. a4 Rhe8 20. Rfb1 Qe6
21. Qxe6 Rxe6 22. b5 cxb5 23. axb5 Ka7 24. bxa6 Rxa6 25. Rxa6+ Kxa6 26. Ra1+
Kb6 27. Nd2 Nd6 28. Ra2 Bf7 29. Rb2+ Kc6 30. Ng4 Ra8 31. Kf2 Ra2 32. Rxa2 Bxa2
33. Ke2 Kc5 34. Nf2 Kb4 35. Nd1 b5 36. Nf1 c5 37. Kd2 c4 38. Nc3 Ka3 39. Nxa2
Kxa2 40. Ng3 cxd3 41. cxd3 b4 42. Ne2 Nb5 43. d4 b3 44. Nc1+ Kb2 45. d5 Ka3 46.
Nd3 Nd6 47. Kc3 Nxe4+ 48. Kc4 b2 49. Nxb2 Kxb2 50. Kb5 Kc3 51. Kc6 Kd3 52. d6
Nxd6 53. Kxd6 Kxe3 54. Kd5 Kd3 0-1

[Event "European Youth Chess Championship B10"]
[Site "Prague, Top Hotel Prague"]
[Date "2016.08.24"]
[Round "6.57"]
[White "Cerny, Michal"]
[Black "Graf, Simon"]
[Result "0-1"]
[WhiteElo "1309"]
[BlackElo "1527"]
[PlyCount "82"]
[EventDate "2016.08.18"]

1. e4 c5 2. Nf3 e6 3. d4 cxd4 4. Nxd4 Nf6 5. Nc3 d6 6. Be3 Be7 7. Be2 O-O 8.
O-O a6 9. f4 Qc7 10. Kh1 Nbd7 11. Bf3 Rb8 12. Qe1 b5 13. a3 Bb7 14. Qg3 Kh8 15.
Rae1 Nc5 16. Bg1 Ba8 17. b4 Ncd7 18. Nb1 Rfc8 19. c3 d5 20. e5 Ne8 21. f5 Nf8
22. Bg4 Qd7 23. fxe6 fxe6 24. Rxf8+ Bxf8 25. Bxe6 Qe7 26. Bxc8 Rxc8 27. Qg4 Rc4
28. Qf3 g6 29. Nd2 Rc8 30. Rf1 Bg7 31. Re1 Qg5 32. Ne6 Qxd2 33. Nxg7 Nxg7 34.
Rf1 h5 35. Be3 Qxc3 36. Qf4 Nf5 37. Bc5 Qc4 38. Qf2 Qh4 39. g3 d4+ 40. Kg1 Qe4
41. Re1 Qh1# 0-1

[Event "European Youth Chess Championship B10"]
[Site "Prague, Top Hotel Prague"]
[Date "2016.08.24"]
[Round "6.59"]
[White "Thoreux-Josso, Aaron"]
[Black "Korsinskij, Marek"]
[Result "0-1"]
[WhiteElo "1124"]
[BlackElo "1468"]
[PlyCount "68"]
[EventDate "2016.08.18"]

1. e4 c5 2. Nc3 e6 3. Nf3 a6 4. a4 Qc7 5. Bc4 Nc6 6. O-O Nf6 7. d3 b6 8. Nd2
Bd6 9. Nb3 Bxh2+ 10. Kh1 Bf4 11. g3 Bxc1 12. Rxc1 Bb7 13. f4 O-O 14. Kg1 Ne7
15. e5 Qc6 16. Qf3 Qxf3 17. Rxf3 Bxf3 18. exf6 gxf6 19. Ne4 Kg7 20. Kf2 Bh5 21.
Rg1 d5 22. g4 Bg6 23. f5 dxc4 24. fxg6 cxb3 25. gxh7 bxc2 26. g5 f5 27. Nf6 Nd5
28. Nxd5 exd5 29. Rc1 Kxh7 30. Rxc2 Kg6 31. Ke3 Kxg5 32. Rg2+ Kf6 33. Rc2 d4+
34. Kf2 Rae8 0-1

[Event "European Youth Chess Championship B10"]
[Site "Prague, Top Hotel Prague"]
[Date "2016.08.24"]
[Round "6.62"]
[White "Sustek, Adam"]
[Black "Simon, Leonard"]
[Result "1/2-1/2"]
[WhiteElo "1368"]
[BlackElo "1135"]
[PlyCount "76"]
[EventDate "2016.08.18"]

1. e4 c5 2. c3 Nc6 3. d4 cxd4 4. cxd4 Nf6 5. Nc3 e6 6. a3 b6 7. Nf3 Bb7 8. Bd3
Be7 9. Bf4 O-O 10. Qc2 h6 11. O-O Rc8 12. e5 Nd5 13. Nxd5 exd5 14. Qd2 h5 15.
Bh6 Na5 16. Qe3 Re8 17. Bg5 Bxg5 18. Qxg5 Qxg5 19. Nxg5 g6 20. Rac1 Rxc1 21.
Rxc1 Nb3 22. Rc7 Bc6 23. Nf3 a5 24. Bc2 a4 25. Bxb3 axb3 26. Nd2 f6 27. f4 fxe5
28. fxe5 Ba4 29. Rc3 Rf8 30. Nxb3 Bb5 31. Nd2 Rf4 32. Nf3 g5 33. h3 g4 34. hxg4
hxg4 35. Nh4 Kh7 36. Rb3 Bc4 37. Rxb6 Rxd4 38. Rb7 g3 1/2-1/2

[Event "European Youth Chess Championship B10"]
[Site "Prague, Top Hotel Prague"]
[Date "2016.08.24"]
[Round "6.63"]
[White "Thorisson, Benedikt"]
[Black "Kien, Lancelot"]
[Result "1-0"]
[WhiteElo "1265"]
[BlackElo "1107"]
[PlyCount "43"]
[EventDate "2016.08.18"]

1. e4 e5 2. Nf3 Nc6 3. d4 exd4 4. Bc4 h6 5. O-O Nf6 6. e5 d5 7. Bb5 a6 8. Ba4
Ne4 9. Nxd4 b5 10. Nxc6 Qd7 11. Bb3 Qxc6 12. Bxd5 Qg6 13. Qf3 Nc5 14. Bxf7+
Qxf7 15. Qxa8 Qf5 16. Nc3 Ne4 17. f3 Ng5 18. Rd1 Bb4 19. Rd3 Kf7 20. Rd4 a5 21.
Rf4 Qxf4 22. Bxf4 1-0

[Event "European Youth Chess Championship B10"]
[Site "Prague, Top Hotel Prague"]
[Date "2016.08.24"]
[Round "6.64"]
[White "Andreev, Konstantin"]
[Black "Ruggiero, Alessandro"]
[Result "1-0"]
[WhiteElo "1206"]
[BlackElo "1102"]
[PlyCount "35"]
[EventDate "2016.08.18"]

1. e4 c5 2. Nf3 e6 3. d4 cxd4 4. Nxd4 a6 5. Nc3 Qc7 6. Bd3 Nf6 7. Be3 Bb4 8.
Bd2 O-O 9. O-O Bxc3 10. Bxc3 b5 11. Re1 d6 12. Qd2 Bb7 13. Qg5 Nbd7 14. Rad1
Nc5 15. Nxb5 axb5 16. Bxf6 g6 17. Qh6 Nxd3 18. Qg7# 1-0

[Event "European Youth Chess Championship B10"]
[Site "Prague, Top Hotel Prague"]
[Date "2016.08.24"]
[Round "6.65"]
[White "Burdot, Louis"]
[Black "Dieguez, Novoa Benjamin"]
[Result "1/2-1/2"]
[WhiteElo "1202"]
[BlackElo "1068"]
[PlyCount "73"]
[EventDate "2016.08.18"]

1. e4 c6 2. d4 d5 3. exd5 cxd5 4. c4 e6 5. Nc3 Nf6 6. Bg5 h6 7. Bh4 Be7 8. c5
Nbd7 9. Bd3 Rb8 10. Bb5 a6 11. Be2 b5 12. c6 Nb6 13. c7 Qxc7 14. Bg3 Bd6 15.
Bxb5+ Nfd7 16. Bxd6 Qxd6 17. Bxd7+ Bxd7 18. b3 O-O 19. Nf3 Qb4 20. Qd2 Rbc8 21.
Ne4 Qe7 22. Nc5 Bb5 23. a4 Bd7 24. Ne5 Rfd8 25. Nexd7 Nxd7 26. Nxa6 Qf6 27. O-O
e5 28. Rac1 Qxa6 29. Rxc8 Rxc8 30. dxe5 Nxe5 31. Qxd5 Ng4 32. Qf5 Nf6 33. h3
Rc3 34. Rb1 Qb6 35. b4 Rc4 36. a5 Qb7 37. b5 1/2-1/2

[Event "European Youth Chess Championship B10"]
[Site "Prague, Top Hotel Prague"]
[Date "2016.08.24"]
[Round "6.67"]
[White "Tajovsky, Simon"]
[Black "Michaelides, Alexandros"]
[Result "1-0"]
[WhiteElo "1106"]
[BlackElo "1177"]
[PlyCount "63"]
[EventDate "2016.08.18"]

1. d4 e6 2. c4 d5 3. Nc3 c6 4. Nf3 dxc4 5. e3 b5 6. Be2 Nf6 7. O-O Bb7 8. e4
Qa5 9. Bg5 Be7 10. Ne5 Bd6 11. Bxf6 gxf6 12. Ng4 Nd7 13. Nh6 b4 14. Na4 Qg5 15.
Ng4 Rg8 16. Bf3 f5 17. exf5 exf5 18. Re1+ Kd8 19. Ne3 Qh6 20. g3 Nf6 21. Nxf5
Qf8 22. Nc5 Kc7 23. Nxd6 Qxd6 24. Qe2 Rge8 25. Qxc4 Nd5 26. Bxd5 Qxd5 27. Qxb4
Rab8 28. Rxe8 Rxe8 29. Qxb7+ Kd8 30. Qb8+ Ke7 31. Re1+ Kf8 32. Qxe8+ 1-0

[Event "European Youth Chess Championship B10"]
[Site "Prague, Top Hotel Prague"]
[Date "2016.08.25"]
[Round "7.1"]
[White "Siniauski, Artsiom"]
[Black "Murzin, Volodar"]
[Result "1/2-1/2"]
[WhiteElo "1840"]
[BlackElo "2080"]
[PlyCount "119"]
[EventDate "2016.08.18"]

1. e4 c5 2. Nf3 d6 3. c3 Nf6 4. Be2 g6 5. O-O Bg7 6. Bb5+ Nc6 7. Re1 O-O 8. d4
cxd4 9. cxd4 a6 10. Bxc6 bxc6 11. Nc3 Rb8 12. b3 h6 13. Bb2 Bb7 14. Qc2 Nd7 15.
e5 c5 16. exd6 exd6 17. Ne4 Bxe4 18. Rxe4 d5 19. Re2 cxd4 20. Bxd4 Bxd4 21.
Nxd4 Qf6 22. Rd1 Rbc8 23. Qd2 Nc5 24. f3 h5 25. Qe3 Kg7 26. Qe5 Rfe8 27. Qxf6+
Kxf6 28. Rxe8 Rxe8 29. Kf2 Ne6 30. Nc6 Rc8 31. Nb4 d4 32. Rd2 a5 33. Nc2 Ke5
34. Na3 Rc5 35. g3 g5 36. Nc4+ Kd5 37. Ke2 g4 38. fxg4 hxg4 39. Ne3+ Ke4 40.
Nxg4 d3+ 41. Kf2 Ng5 42. Kg2 Kd4 43. Nf2 Rc3 44. h4 Ne4 45. Rxd3+ Rxd3 46. Nxd3
Kxd3 47. a3 Ke3 48. b4 axb4 49. axb4 f5 50. h5 f4 51. gxf4 Kxf4 52. h6 Nf6 53.
b5 Kg5 54. Kf3 Kxh6 55. Kf4 Nd5+ 56. Ke5 Nc7 57. b6 Na6 58. b7 Nc5 59. b8=Q
Nd7+ 60. Kd6 1/2-1/2

[Event "European Youth Chess Championship B10"]
[Site "Prague, Top Hotel Prague"]
[Date "2016.08.25"]
[Round "7.2"]
[White "Tyurin, Artem"]
[Black "Vasilyev, Alexey"]
[Result "0-1"]
[WhiteElo "1766"]
[BlackElo "1838"]
[PlyCount "76"]
[EventDate "2016.08.18"]

1. e4 c5 2. Nf3 e6 3. d4 cxd4 4. Nxd4 a6 5. Nc3 Qc7 6. g3 Be7 7. Bg2 Nf6 8. O-O
Nc6 9. Nb3 O-O 10. f4 d6 11. g4 Nd7 12. g5 f6 13. f5 Nde5 14. fxe6 Bxe6 15. Nd5
Qd8 16. Qh5 Bf7 17. Qh4 fxg5 18. Nxe7+ Qxe7 19. Bxg5 Qe6 20. Rad1 h6 21. Be3
Nc4 22. Bd4 Qg6 23. Rd3 Nxd4 24. Nxd4 Qh5 25. Qe1 Nxb2 26. Rf5 Nxd3 27. cxd3
Qg6 28. Qh4 Bxa2 29. Qe7 Rf7 30. Rxf7 Qxf7 31. Qxd6 Rf8 32. Nf5 Be6 33. Ne7+
Kh7 34. Nf5 g6 35. Ne3 Qf2+ 36. Kh1 Qe1+ 37. Bf1 Rxf1+ 38. Kg2 Qf2# 0-1

[Event "European Youth Chess Championship B10"]
[Site "Prague, Top Hotel Prague"]
[Date "2016.08.25"]
[Round "7.3"]
[White "Ponomarev, Grigori"]
[Black "Razafindratsima, Timothe"]
[Result "1-0"]
[WhiteElo "1978"]
[BlackElo "1938"]
[PlyCount "99"]
[EventDate "2016.08.18"]

1. e4 c5 2. Nf3 d6 3. c3 Nf6 4. Bd3 Nc6 5. O-O Bg4 6. h3 Bh5 7. Bc2 e6 8. d3
Be7 9. Nbd2 O-O 10. Re1 d5 11. Qe2 a6 12. Nf1 b5 13. Ng3 Bg6 14. Bf4 Re8 15.
Nh4 a5 16. Nxg6 hxg6 17. Bg5 a4 18. e5 Nd7 19. Bxe7 Qxe7 20. f4 a3 21. b3 b4
22. c4 Nd4 23. Qf2 Nb6 24. Bd1 dxc4 25. dxc4 Red8 26. Bf3 Ra7 27. Ne4 Rad7 28.
Bg4 Kf8 29. Ng5 Ke8 30. h4 Qf8 31. h5 gxh5 32. Bxh5 Qh8 33. Bg4 g6 34. Re3 Ke7
35. Rh3 Qg8 36. Qh4 Ke8 37. Nh7 Qg7 38. Nf6+ Ke7 39. Nd5+ Kf8 40. Nxb6 Nc6 41.
Nxd7+ Rxd7 42. Qf6 Qxf6 43. exf6 Kg8 44. Kf2 Rd2+ 45. Ke3 Rxg2 46. Rah1 Rg3+
47. Rxg3 Nd4 48. Rgh3 Nc2+ 49. Kd2 Ne3 50. Rh8# 1-0

[Event "European Youth Chess Championship B10"]
[Site "Prague, Top Hotel Prague"]
[Date "2016.08.25"]
[Round "7.4"]
[White "Maneluk, Daniil"]
[Black "Stalmach, Richard"]
[Result "0-1"]
[WhiteElo "1991"]
[BlackElo "1735"]
[PlyCount "80"]
[EventDate "2016.08.18"]

1. e4 e5 2. Nf3 d6 3. d4 Nd7 4. Nc3 Be7 5. Bc4 Ngf6 6. O-O O-O 7. Be3 c6 8.
dxe5 dxe5 9. Qe2 b5 10. Bd3 Qc7 11. Nd2 Bc5 12. Kh1 a6 13. Rae1 Bxe3 14. Qxe3
Ng4 15. Qg3 Nc5 16. f4 Rd8 17. f5 Nf6 18. Nd1 Nh5 19. Qg5 Nf4 20. f6 Nce6 21.
Qg3 g6 22. Nf2 c5 23. Nf3 Bb7 24. Qh4 h5 25. g3 c4 26. gxf4 cxd3 27. f5 d2 28.
Rd1 Nf4 29. Qg5 Qc5 30. fxg6 fxg6 31. Nxe5 Qe3 32. Qh6 Bxe4+ 33. Nxe4 Qxe4+ 34.
Nf3 Ne6 35. h3 Rac8 36. Kg1 Qf4 37. Qxg6+ Kf8 38. f7 Qe3+ 39. Kh1 Nf4 40. Ng5
Nxg6 0-1

[Event "European Youth Chess Championship B10"]
[Site "Prague, Top Hotel Prague"]
[Date "2016.08.25"]
[Round "7.5"]
[White "Levin, Guy"]
[Black "Makoveev, Ilya"]
[Result "0-1"]
[WhiteElo "1774"]
[BlackElo "2186"]
[PlyCount "148"]
[EventDate "2016.08.18"]

1. e4 c5 2. Nc3 Nc6 3. g3 g6 4. Bg2 Bg7 5. d3 d6 6. Be3 Nf6 7. h3 Rb8 8. Qd2 b5
9. Bh6 Bxh6 10. Qxh6 Nd4 11. Qd2 b4 12. Nce2 e5 13. Nxd4 cxd4 14. Ne2 O-O 15.
O-O Nh5 16. Rab1 Be6 17. g4 Nf4 18. Nxf4 Qg5 19. c3 bxc3 20. bxc3 dxc3 21. Qxc3
Rxb1 22. Rxb1 exf4 23. Qd2 Qf6 24. Bf3 Rc8 25. Rb2 Kg7 26. Kg2 g5 27. Rb7 Qd4
28. Rb5 Rc5 29. Rb4 Qa1 30. a4 h6 31. d4 Rc7 32. h4 f6 33. Qb2 Qe1 34. Rb7 Qa5
35. Rxc7+ Qxc7 36. hxg5 hxg5 37. Qb4 Qd7 38. Kh3 Qc7 39. Kg2 a5 40. Qa3 Qd7 41.
Kh3 Qc7 42. Kg2 Bf7 43. Qd3 Qc1 44. Be2 Qe1 45. Bf3 Qc1 46. Be2 Qc7 47. Bf3 Be6
48. Qb1 Bd7 49. Bd1 Qc8 50. f3 Qc3 51. Qb7 Qd2+ 52. Kh3 Qxd1 53. Qxd7+ Kh6 54.
Kg2 Qe2+ 55. Kg1 Qe1+ 56. Kg2 Qg3+ 57. Kf1 Qxf3+ 58. Ke1 Qxe4+ 59. Kd1 Qxd4+
60. Kc1 Qc3+ 61. Kb1 Qd3+ 62. Kc1 Qc4+ 63. Kb1 f3 64. Qf5 Qb4+ 65. Ka1 Qxa4+
66. Kb1 Qb4+ 67. Ka1 Qd4+ 68. Ka2 f2 69. Qc8 Qd5+ 70. Kb2 Kg7 71. Qd7+ Qf7 72.
Qf5 Qb7+ 73. Ka2 Qg2 74. Qd7+ Kh6 0-1

[Event "European Youth Chess Championship B10"]
[Site "Prague, Top Hotel Prague"]
[Date "2016.08.25"]
[Round "7.6"]
[White "Kostolansky, Sebastian Lukas"]
[Black "Davtyan, Arsen"]
[Result "0-1"]
[WhiteElo "2015"]
[BlackElo "1752"]
[PlyCount "104"]
[EventDate "2016.08.18"]

1. e4 c5 2. Nf3 e6 3. c4 d6 4. Nc3 Nf6 5. Be2 Be7 6. O-O O-O 7. d4 cxd4 8. Nxd4
a6 9. Be3 Qc7 10. Rc1 b6 11. f4 Bb7 12. Bf3 Nbd7 13. b3 Rac8 14. Qc2 Rfe8 15.
Nde2 h6 16. Rfd1 Qb8 17. Qb1 Bd8 18. Rd2 Bc7 19. Rcd1 Qa8 20. g4 Red8 21. Ng3
Nf8 22. h4 Ng6 23. Rh2 d5 24. e5 Ne4 25. Ngxe4 dxe4 26. Rxd8+ Bxd8 27. Bxe4
Nxh4 28. Kf2 Be7 29. Bxb6 Bb4 30. Qh1 Bxe4 31. Qxe4 Qb8 32. Na4 Ng6 33. c5 Bd2
34. c6 Bxf4 35. c7 Rxc7 36. Bxc7 Qxc7 37. Rh1 Nxe5 38. Kg2 Nxg4 39. Kf3 Nf6 40.
Qa8+ Kh7 41. Qxa6 e5 42. Re1 e4+ 43. Kg2 Qe5 44. Qc4 Qh5 45. Qd4 Qf3+ 46. Kg1
e3 47. Qd3+ g6 48. Re2 Ng4 49. Qc4 Bh2+ 50. Rxh2 Nxh2 51. Nc3 Qf2+ 52. Kh1 Nf1
0-1

[Event "European Youth Chess Championship B10"]
[Site "Prague, Top Hotel Prague"]
[Date "2016.08.25"]
[Round "7.7"]
[White "Revaliente, Montoya Ciro"]
[Black "Yoon, Jacob D"]
[Result "0-1"]
[WhiteElo "1768"]
[BlackElo "1823"]
[PlyCount "50"]
[EventDate "2016.08.18"]

1. e4 c5 2. Nf3 Nc6 3. d4 cxd4 4. Nxd4 g6 5. Nc3 Bg7 6. Be3 Nf6 7. Bc4 O-O 8.
Bb3 d6 9. f3 Bd7 10. h4 h5 11. Qe2 Ne5 12. O-O-O Rc8 13. Kb1 Qa5 14. Nd5 Nxd5
15. Bxd5 b5 16. g4 hxg4 17. f4 Nc4 18. Bxc4 Rxc4 19. h5 Bc6 20. Nxc6 Rxc6 21.
Bd4 Rfc8 22. Bxg7 Rxc2 23. Qxg4 Kxg7 24. Rd3 Qb4 25. Rb3 Qxe4 0-1

[Event "European Youth Chess Championship B10"]
[Site "Prague, Top Hotel Prague"]
[Date "2016.08.25"]
[Round "7.8"]
[White "Piliposyan, Robert"]
[Black "Mitusov, Semen"]
[Result "1/2-1/2"]
[WhiteElo "1701"]
[BlackElo "1783"]
[PlyCount "85"]
[EventDate "2016.08.18"]

1. e4 e5 2. Nf3 Nc6 3. Bb5 a6 4. Ba4 Nf6 5. O-O Be7 6. d3 b5 7. Bb3 d6 8. a3
O-O 9. Nc3 Na5 10. Ba2 c5 11. Bg5 Be6 12. Bxf6 Bxf6 13. Nd5 Nc6 14. c3 Rb8 15.
Rc1 Bxd5 16. Bxd5 Ne7 17. Ba2 d5 18. exd5 Nxd5 19. g3 g6 20. Re1 Qd6 21. Nd2
Bg7 22. Ne4 Qc6 23. Qf3 Nf6 24. Nxf6+ Qxf6 25. Qe4 Qd6 26. b4 Kh8 27. Qd5 Qxd5
28. Bxd5 cxb4 29. axb4 Rfd8 30. Bxf7 Rxd3 31. Red1 e4 32. c4 Bh6 33. Rxd3 exd3
34. Rd1 bxc4 35. Bxc4 d2 36. Bxa6 Rxb4 37. f4 g5 38. Rxd2 gxf4 39. Rd8+ Kg7 40.
Rd7+ Kg8 41. gxf4 Rxf4 42. Rd8+ Kg7 43. Rd7+ 1/2-1/2

[Event "European Youth Chess Championship B10"]
[Site "Prague, Top Hotel Prague"]
[Date "2016.08.25"]
[Round "7.9"]
[White "Laux, Dominik"]
[Black "Chyzy, Jakub"]
[Result "0-1"]
[WhiteElo "1659"]
[BlackElo "1775"]
[PlyCount "100"]
[EventDate "2016.08.18"]

1. d4 d5 2. Nc3 Nf6 3. Bf4 e6 4. e3 Bb4 5. Bd3 c5 6. dxc5 Bxc3+ 7. bxc3 Qa5 8.
Qd2 Qxc5 9. Nf3 Nc6 10. h3 O-O 11. O-O Re8 12. Ne5 Nxe5 13. Bxe5 Nd7 14. Bd4
Qc6 15. f4 f6 16. Qf2 b6 17. Qh4 Nf8 18. Bxf6 gxf6 19. Qxf6 Qd7 20. Rf3 Re7 21.
Raf1 Bb7 22. Rg3+ Rg7 23. Rff3 Ng6 24. Bxg6 hxg6 25. Rxg6 Rf8 26. Qxe6+ Qxe6
27. Rxe6 Rc8 28. f5 Rf7 29. g4 Rxc3 30. g5 d4 31. Rf4 Rxe3 32. Rxd4 Rxe6 33.
fxe6 Re7 34. Rd8+ Kg7 35. Rd7 Kf8 36. c3 Rxd7 37. exd7 Ke7 38. h4 Kxd7 39. Kf2
Ke6 40. Ke3 Kf5 41. Kd4 Bc6 42. Kc4 Ke5 43. a3 Be8 44. Kb4 Kd5 45. a4 a5+ 46.
Kb3 Kc5 47. Ka3 Kc4 48. Kb2 Bxa4 49. Ka2 Kxc3 50. Ka3 Bc2 0-1